000 00437cam a2200145 4500500
005 20251012012143.0
041 _afre
042 _adc
100 1 0 _aRobin, Anne
_eauthor
245 0 0 _aHospitalité
260 _c2021.
500 _a18
786 0 _nPhilosophie magazine | 148 | 4 | 2021-04-01 | p. 58-58 | 1951-1787
856 4 1 _uhttps://shs.cairn.info/magazine-philosophie-magazine-2021-4-page-58?lang=fr&redirect-ssocas=7080
999 _c1525654
_d1525654